[Event "OL-NORD WEST 1617 Nordhorn Blanke - Uni"]
[Site "?"]
[Date "2016.11.20"]
[Round "2.7"]
[White "Wagner, Jan"]
[Black "Stotyn, Fabian"]
[Result "1/2-1/2"]
[WhiteElo "2119"]
[BlackElo "2192"]
[PlyCount "102"]
[EventDate "2016.??.??"]

1. Nf3 Nf6 2. c4 c5 3. Nc3 d5 4. cxd5 Nxd5 5. e4 Nb4 6. Bc4 N8c6 7. O-O Nd4 8.
Nxd4 cxd4 9. Ne2 Nc6 10. d3 e6 11. f4 Be7 12. a3 O-O 13. Rf3 Rb8 14. Rh3 b5 15.
Ba2 b4 16. Ng3 g6 17. axb4 Bxb4 18. f5 exf5 19. Nxf5 Bxf5 20. exf5 Qe7 21. Bf4
Rb5 22. g4 Re8 23. Qf3 Ne5 24. Bxe5 Rxe5 25. fxg6 Re1+ 26. Rxe1 Qxe1+ 27. Qf1
Qxf1+ 28. Kxf1 hxg6 29. Rf3 Re7 30. Rf2 Kg7 31. Re2 Rc7 32. Bc4 Bd6 33. Kg2 Bf4
34. Kf3 Be3 35. b4 Kf6 36. h4 Ke5 37. Ra2 Rb7 38. Ra5+ Kf6 39. Ra6+ Kg7 40. Ra5
Bd2 41. Rd5 Bxb4 42. Rxd4 a5 43. Rd5 Bc3 44. h5 a4 45. hxg6 fxg6 46. Rd8 a3 47.
Ra8 Bb2 48. Ra6 Kh6 49. Bd5 Rg7 50. d4 Kg5 51. Be6 Bxd4 1/2-1/2

[Event "OL-NORD WEST 1617 Nordhorn Blanke - Uni"]
[Site "?"]
[Date "2016.11.20"]
[Round "2.8"]
[White "Elgersma, Simon"]
[Black "Anirudh, Unni"]
[Result "1/2-1/2"]
[WhiteElo "2022"]
[BlackElo "2034"]
[PlyCount "81"]
[EventDate "2016.??.??"]

1. e4 c5 2. Nf3 d6 3. d4 cxd4 4. Nxd4 Nf6 5. Nc3 g6 6. Be3 Bg7 7. f3 O-O 8. Qd2
Nc6 9. O-O-O d5 10. exd5 Nxd5 11. Nxc6 bxc6 12. Bd4 Nxc3 13. Qxc3 Bh6+ 14. Be3
Bxe3+ 15. Qxe3 Qb6 16. Qc3 Be6 17. a3 Rfd8 18. Bd3 Rd5 19. Be4 Rc5 20. Qd4 a5
21. h4 h5 22. g4 Rb8 23. gxh5 Rxh5 24. Qxb6 Rxb6 25. Rdg1 Bd5 26. Bxd5 cxd5 27.
Rg5 Rxg5 28. hxg5 f6 29. Rd1 Rb5 30. gxf6 e6 31. Rd4 Kf7 32. a4 Rc5 33. Kd2 e5
34. Rg4 Kxf6 35. c3 Rc4 36. b3 Rxg4 37. fxg4 Ke6 38. Kd3 Kd6 39. b4 axb4 40.
cxb4 g5 41. Kc3 1/2-1/2

[Event "OL-NORD WEST 1617 SV Hellern - Bremer S"]
[Site "?"]
[Date "2016.11.20"]
[Round "2.2"]
[White "Hoffmann, Alexander"]
[Black "Borik, Otto"]
[Result "1-0"]
[WhiteElo "2406"]
[BlackElo "2378"]
[PlyCount "59"]
[EventDate "2016.??.??"]

1. d4 g6 2. c4 Bg7 3. Nf3 c5 4. d5 d6 5. e4 Nf6 6. Nc3 O-O 7. h3 e6 8. Bd3 Re8
9. O-O exd5 10. cxd5 c4 11. Bc2 a6 12. a4 Nbd7 13. Bf4 Nc5 14. Re1 Qb6 15. Ra2
Nh5 16. Bh2 f5 17. a5 Qd8 18. e5 f4 19. e6 b5 20. axb6 Qxb6 21. Ng5 Bb7 22.
Nxh7 Nd3 23. Bxd3 cxd3 24. Ng5 Bd4 25. Nge4 Kg7 26. Qxd3 Be5 27. Nd2 Nf6 28.
Nc4 Qb3 29. Rxe5 dxe5 30. Nxe5 1-0

[Event "OL-NORD WEST 1617 SV Hellern - Bremer S"]
[Site "?"]
[Date "2016.11.20"]
[Round "2.3"]
[White "Hundack, Rolf"]
[Black "Hummel, Dirk"]
[Result "1-0"]
[WhiteElo "2127"]
[BlackElo "2292"]
[PlyCount "59"]
[EventDate "2016.??.??"]

1. c4 e5 2. g3 c6 3. d4 e4 4. Bg2 d5 5. Nh3 h6 6. O-O Nf6 7. Nc3 Bb4 8. Qb3 Na6
9. cxd5 cxd5 10. Bd2 Bxc3 11. bxc3 O-O 12. f3 exf3 13. exf3 Nb8 14. g4 Ne8 15.
Nf4 Nc7 16. Nd3 Nc6 17. Rae1 b6 18. Ne5 Na5 19. Qc2 Ba6 20. Rf2 Nb5 21. Qf5 Nd6
22. Qh5 Ndc4 23. Bxh6 gxh6 24. Qxh6 Qd6 25. Qg5+ Kh7 26. Qf5+ Kg7 27. Qg5+ Kh8
28. f4 f6 29. Qh6+ Kg8 30. Qg6+ 1-0

[Event "OL-NORD WEST 1617 SV Hellern - Bremer S"]
[Site "?"]
[Date "2016.11.20"]
[Round "2.4"]
[White "Gronde, Ingo"]
[Black "Juhnke, Karl"]
[Result "1-0"]
[WhiteElo "2205"]
[BlackElo "2170"]
[PlyCount "57"]
[EventDate "2016.??.??"]

1. e4 c5 2. Nf3 d6 3. d4 cxd4 4. Nxd4 Nf6 5. Nc3 a6 6. Bg5 e6 7. f4 Be7 8. Qf3
h6 9. Bh4 Qc7 10. O-O-O Nbd7 11. f5 e5 12. Nde2 b5 13. Bxf6 Nxf6 14. Nd5 Nxd5
15. exd5 Qc4 16. Kb1 Qh4 17. Ng3 Bd7 18. Bd3 Qb4 19. Nh5 Kf8 20. f6 gxf6 21.
Nxf6 Bc8 22. Be4 Ra7 23. Rhf1 Bd8 24. Rd3 Re7 25. Rc3 Bb7 26. Qf5 Qd4 27. Rg3
Qc4 28. b3 Qc8 29. Qh7 1-0

[Event "OL-NORD WEST 1617 SV Hellern - Bremer S"]
[Site "?"]
[Date "2016.11.20"]
[Round "2.5"]
[White "Giel, Olaf"]
[Black "Ewert, Hannes"]
[Result "0-1"]
[WhiteElo "2134"]
[BlackElo "2161"]
[PlyCount "66"]
[EventDate "2016.??.??"]

1. d4 Nf6 2. Nf3 e6 3. e3 c5 4. Bd3 Nc6 5. c3 Be7 6. O-O O-O 7. Nbd2 b6 8. e4
cxd4 9. Nxd4 Bb7 10. f4 d6 11. Qe2 e5 12. Nf5 exf4 13. Rxf4 Re8 14. Qf2 Nh5 15.
Nxe7+ Qxe7 16. Rxf7 Qxf7 17. Bc4 Re6 18. Qf5 Nd8 19. Nf3 Rc8 20. Ng5 Qxf5 21.
exf5 Rxc4 22. fxe6 Nf6 23. Bd2 Kf8 24. Rd1 Ke7 25. b3 Rc6 26. c4 h6 27. Nf3
Nxe6 28. Bb4 Ke8 29. Bxd6 Rc8 30. Be5 Bxf3 31. gxf3 Rd8 32. Re1 Kf7 33. Re2 Nh5
0-1

[Event "OL-NORD WEST 1617 SV Hellern - Bremer S"]
[Site "?"]
[Date "2016.11.20"]
[Round "2.6"]
[White "Happe, Reinhold"]
[Black "Peters, Frank"]
[Result "1/2-1/2"]
[WhiteElo "2118"]
[BlackElo "2117"]
[PlyCount "66"]
[EventDate "2016.??.??"]

1. c4 g6 2. Nc3 Bg7 3. g3 d6 4. Bg2 e5 5. d3 Nc6 6. Rb1 Nge7 7. b4 a6 8. a4 Nd4
9. e3 Ne6 10. Nge2 O-O 11. O-O f5 12. Nd5 c6 13. Nxe7+ Qxe7 14. b5 axb5 15.
axb5 Qc7 16. Bd2 Re8 17. Bc3 Nc5 18. Qc2 cxb5 19. Rxb5 Bd7 20. Bd5+ Kh8 21.
Rbb1 Bc6 22. e4 fxe4 23. dxe4 Rf8 24. Bd2 Qd7 25. Kg2 Bxd5 26. cxd5 Qa4 27.
Qxa4 Rxa4 28. Nc3 Nxe4 29. Nxa4 Nxd2 30. Rxb7 Nxf1 31. Kxf1 e4 32. Re7 Bd4 33.
Rxe4 Bxf2 {(=)} 1/2-1/2

[Event "OL-NORD WEST 1617 SV Hellern - Bremer S"]
[Site "?"]
[Date "2016.11.20"]
[Round "2.7"]
[White "Rust-Lux, Klaus"]
[Black "Stock, Joerg"]
[Result "1/2-1/2"]
[WhiteElo "2081"]
[BlackElo "2185"]
[PlyCount "62"]
[EventDate "2016.??.??"]

1. d4 Nf6 2. c4 e6 3. Nc3 Bb4 4. Qc2 c5 5. dxc5 Nc6 6. Nf3 Bxc5 7. g3 O-O 8.
Bg2 d5 9. O-O dxc4 10. Na4 Be7 11. Qxc4 e5 12. Nc3 Be6 13. Qa4 Nd7 14. Rd1 Qc8
15. Be3 Nc5 16. Bxc5 Bxc5 17. Ne4 Be7 18. Rac1 f6 19. Nc5 Bxc5 20. Rxc5 Rd8 21.
a3 Rxd1+ 22. Qxd1 Qf8 23. Rc3 Rd8 24. Qc2 Rd7 25. h4 Qe8 26. b4 Qg6 27. Kh2
Qxc2 28. Rxc2 Kf7 29. Rd2 Rc7 30. Rc2 Rd7 31. Rd2 Rc7 1/2-1/2

[Event "OL-NORD WEST 1617 SV Hellern - Bremer S"]
[Site "?"]
[Date "2016.11.20"]
[Round "2.8"]
[White "Bade, Hans-Juergen"]
[Black "Krajina, Davor"]
[Result "0-1"]
[WhiteElo "1999"]
[BlackElo "2254"]
[PlyCount "81"]
[EventDate "2016.??.??"]

1. e4 e5 2. Nf3 Nc6 3. Bc4 Nf6 4. d3 Bc5 5. c3 a6 6. Bb3 d6 7. h3 h6 8. Nbd2
Bd7 9. Nf1 Nh5 10. Nxe5 Nxe5 11. d4 Qh4 12. Bc2 Bb6 13. g3 Qf6 14. Qxh5 g6 15.
Qe2 Bb5 16. dxe5 dxe5 17. c4 Bxc4 18. Qxc4 Qxf2+ 19. Kd1 O-O-O+ 20. Bd2 Qf3+
21. Qe2 Qxh1 22. Ke1 Qxh3 23. b4 Rd6 24. a4 Rhd8 25. Be3 Bd4 26. Ra3 h5 27. b5
a5 28. Rd3 f6 29. Bb3 h4 30. Bd5 Bxe3 31. Qxe3 Kb8 32. Qd2 f5 33. Qxa5 fxe4 34.
Rc3 Qd7 35. Ne3 Rxd5 36. Nxd5 b6 37. Nxb6 Qd1+ 38. Kf2 Rf8+ 39. Ke3 Qd4+ 40.
Ke2 Rf2+ 41. Ke1 0-1

[Event "OL-NORD WEST 1617 Delmenhorster SK - SV"]
[Site "?"]
[Date "2016.11.20"]
[Round "2.1"]
[White "Armbrust, Florian"]
[Black "Kuegel, Tobias"]
[Result "1/2-1/2"]
[WhiteElo "2291"]
[BlackElo "2274"]
[PlyCount "47"]
[EventDate "2016.??.??"]

1. e4 e5 2. Nf3 Nc6 3. Bc4 Bc5 4. O-O Nf6 5. d3 a6 6. c3 d6 7. Bb3 Ba7 8. Re1
h6 9. h3 O-O 10. Nbd2 Nh5 11. Nf1 Qf6 12. Be3 Nf4 13. Ng3 g6 14. Nh2 Qh4 15. d4
Kg7 16. Nf3 Qf6 17. Bxf4 exf4 18. Nf1 Re8 19. Qd3 Na5 20. Bc2 c5 21. dxc5 dxc5
22. e5 Qd8 23. c4 Qxd3 24. Bxd3 {(=)} 1/2-1/2

[Event "OL-NORD WEST 1617 Delmenhorster SK - SV"]
[Site "?"]
[Date "2016.11.20"]
[Round "2.2"]
[White "Hoeffer, David"]
[Black "Kyas, Marcel"]
[Result "1/2-1/2"]
[WhiteElo "2308"]
[BlackElo "2189"]
[PlyCount "68"]
[EventDate "2016.??.??"]

1. d4 d5 2. Nf3 Nf6 3. c4 c6 4. e3 Bg4 5. cxd5 Bxf3 6. Qxf3 cxd5 7. Nc3 Nc6 8.
Bd3 e6 9. O-O Be7 10. Bd2 O-O 11. Rac1 Rc8 12. Qh3 g6 13. f4 Na5 14. b3 Ba3 15.
Rcd1 Bb4 16. Nb1 Qd6 17. Bxb4 Qxb4 18. Nd2 Qc3 19. Nf3 Nc6 20. Ne5 Nb4 21. Bb1
Nc2 22. Rf3 Ne4 23. Qh6 Rc7 24. f5 exf5 25. Rh3 f6 26. Nxg6 hxg6 27. Qxg6+ Rg7
28. Qxf5 Nxe3 29. Bxe4 dxe4 30. Qxe4 Qc2 31. Qe6+ Rff7 32. Qe8+ Rf8 33. Qe6+
Rff7 34. Qe8+ Rf8 1/2-1/2

[Event "OL-NORD WEST 1617 Delmenhorster SK - SV"]
[Site "?"]
[Date "2016.11.20"]
[Round "2.4"]
[White "Hedke, Fred"]
[Black "Raum, Sebastian"]
[Result "1/2-1/2"]
[WhiteElo "2266"]
[BlackElo "2124"]
[PlyCount "98"]
[EventDate "2016.??.??"]

1. c4 Nf6 2. g3 g6 3. Bg2 Bg7 4. Nf3 O-O 5. O-O d6 6. Nc3 c5 7. d4 Nc6 8. d5
Na5 9. Qd3 a6 10. e4 Rb8 11. Bf4 Nd7 12. Rfe1 b5 13. cxb5 axb5 14. Rab1 c4 15.
Qe3 Nc5 16. Bh6 b4 17. Bxg7 Kxg7 18. Ne2 Nd3 19. Red1 Ba6 20. Bf1 Qb6 21. Ned4
b3 22. a3 Rfc8 23. Qg5 Rc7 24. Nf5+ Kf8 25. Qh6+ Ke8 26. Ne3 Nxb2 27. Bh3 Bc8
28. Qxh7 Bxh3 29. Qh8+ Kd7 30. Qxh3+ e6 31. dxe6+ Kc6 32. Nd5 Nxd1 33. Nxb6 Nc3
34. Nd5 Nxb1 35. Nxc7 c3 36. Nd5 c2 37. Qf1 fxe6 38. Nb4+ Kd7 39. Nd4 Nxa3 40.
Nbxc2 Nxc2 41. Nxb3 Nxb3 42. Qh3 Nbd4 43. Qh7+ Kc6 44. Qxg6 Rb1+ 45. Kg2 Ne1+
46. Kh3 Nef3 47. Qe8+ Kc7 48. Qe7+ Kc6 49. Qe8+ Kc7 1/2-1/2

[Event "OL-NORD WEST 1617 Delmenhorster SK - SV"]
[Site "?"]
[Date "2016.11.20"]
[Round "2.5"]
[White "Schmidt, Alexander"]
[Black "Steingraeber, Kai Uwe"]
[Result "1-0"]
[WhiteElo "2115"]
[BlackElo "2131"]
[PlyCount "45"]
[EventDate "2016.??.??"]

1. e4 c5 2. Nf3 e6 3. d4 cxd4 4. Nxd4 Nc6 5. Nc3 Qc7 6. Be3 a6 7. Be2 Nf6 8.
O-O b5 9. Nxc6 dxc6 10. f4 b4 11. Na4 Nxe4 12. Bf3 Nd6 13. Bb6 Qb7 14. Qe2 Be7
15. Rad1 O-O 16. g4 a5 17. Rd2 Ra6 18. Bc5 Qb5 19. b3 Qb8 20. Rfd1 Rd8 21. f5
Ra7 22. Qe3 Rb7 23. Bxc6 1-0

[Event "OL-NORD WEST 1617 Delmenhorster SK - SV"]
[Site "?"]
[Date "2016.11.20"]
[Round "2.6"]
[White "Margraf, Daniel"]
[Black "Markgraf, Stefan"]
[Result "1-0"]
[WhiteElo "2188"]
[BlackElo "2121"]
[PlyCount "117"]
[EventDate "2016.??.??"]

1. e4 e5 2. Nf3 Nc6 3. d4 exd4 4. Nxd4 Nf6 5. Nxc6 bxc6 6. e5 Qe7 7. Qe2 Nd5 8.
Nd2 d6 9. exd6 cxd6 10. Ne4 Kd8 11. Bg5 f6 12. Bd2 Bf5 13. f3 Qe5 14. c4 Nf4
15. Qe3 Bxe4 16. Bc3 Qg5 17. Qxe4 Kd7 18. h4 Qg3+ 19. Kd1 Ne6 20. Kc2 Qg6 21.
Qxg6 hxg6 22. g3 g5 23. Bh3 gxh4 24. Rae1 Re8 25. gxh4 Rh6 26. Rh2 f5 27. Bxf5
Kd8 28. Ba5+ Ke7 29. Rhe2 Kf7 30. Kb1 Re7 31. Bd2 Rf6 32. Bg4 Nf4 33. Rxe7+
Bxe7 34. Re4 Ne6 35. Bg5 d5 36. cxd5 Nxg5 37. hxg5 Rd6 38. dxc6 Rxc6 39. f4 Rb6
40. Bh5+ g6 41. Be2 Bd8 42. Bc4+ Kf8 43. Kc2 Rd6 44. Bd3 Bb6 45. Kd2 Kf7 46.
Ke2 Rd7 47. Rc4 Rd4 48. Rxd4 Bxd4 49. b4 Bb2 50. a4 Bc3 51. b5 Ba5 52. Kf3 Bd2
53. Kg4 Be3 54. Be4 Bd2 55. Bd5+ Ke7 56. f5 gxf5+ 57. Kxf5 Kd6 58. Bf3 Bc3 59.
Kg6 1-0

[Event "OL-NORD WEST 1617 Delmenhorster SK - SV"]
[Site "?"]
[Date "2016.11.20"]
[Round "2.7"]
[White "Hagemann, Sven"]
[Black "Thimm, Torsten"]
[Result "1-0"]
[WhiteElo "2002"]
[BlackElo "2085"]
[PlyCount "64"]
[EventDate "2016.??.??"]

1. e4 d5 2. exd5 Qxd5 3. Nc3 Qd6 4. d4 Nf6 5. Nf3 Bg4 6. h3 Bf5 7. g4 Bc8 8.
Ne5 c6 9. f4 g6 10. Be3 Bg7 11. Qd2 h5 12. Bc4 Be6 13. Bxe6 Qxe6 14. Rg1 hxg4
15. hxg4 Kf8 16. O-O-O Nd5 17. f5 gxf5 18. gxf5 Qf6 19. Nxd5 cxd5 20. Qa5 Qb6
21. Qxd5 Bxe5 22. Qxe5 Qf6 23. Qc7 Nc6 24. d5 Qe5 25. Bf4 Qxc7 26. Bxc7 Nb4 27.
d6 Na6 28. d7 Nxc7 29. d8=Q+ Rxd8 30. Rxd8+ Ne8 31. f6 Rh6 32. Rb8 exf6 1-0

[Event "OL-NORD WEST 1617 Delmenhorster SK - SV"]
[Site "?"]
[Date "2016.11.20"]
[Round "2.8"]
[White "Grebener, Soeren"]
[Black "Kohlmeier, Frank"]
[Result "1-0"]
[WhiteElo "2014"]
[BlackElo "1969"]
[PlyCount "76"]
[EventDate "2016.??.??"]

1. e4 c5 2. Nf3 d6 3. d4 cxd4 4. Nxd4 Nf6 5. Nc3 a6 6. f4 e5 7. Nf3 Qc7 8. Bd3
Nc6 9. a3 Bg4 10. h3 Bxf3 11. Qxf3 h5 12. Be3 b5 13. f5 b4 14. axb4 Nxb4 15.
Bb5+ Nd7 16. Ba4 Be7 17. O-O h4 18. Qg4 Bf6 19. Rfd1 Ke7 20. Bxd7 Kxd7 21. Rd2
Rhd8 22. Na4 Ke7 23. c3 Nc6 24. Nb6 Kf8 25. Nxa8 Rxa8 26. Bf2 Na5 27. Rad1 Nc4
28. Re2 Rb8 29. Bxh4 Rxb2 30. Bxf6 Qb6+ 31. Kh2 gxf6 32. Rde1 a5 33. h4 Rxe2
34. Qxe2 Qb3 35. h5 Kg7 36. Qg4+ Kh7 37. h6 Kxh6 38. Rh1 Qb6 1-0

[Event "OL-NORD WEST 1617 SF Hannover - SV Werd"]
[Site "?"]
[Date "2016.11.20"]
[Round "2.1"]
[White "Steffens, Olaf"]
[Black "Schirm, Friedmar"]
[Result "1-0"]
[WhiteElo "2250"]
[BlackElo "2250"]
[PlyCount "41"]
[EventDate "2016.??.??"]

1. b4 d5 2. e3 e5 3. a3 Nf6 4. Bb2 Bd6 5. c4 Nbd7 6. Nf3 e4 7. c5 exf3 8. cxd6
fxg2 9. Bxg2 cxd6 10. O-O Ne5 11. f4 Nc4 12. Bd4 O-O 13. Nc3 Bf5 14. Nxd5 Nxd5
15. Bxd5 Bd3 16. Rf3 Nb6 17. Rg3 g6 18. Qh5 Nxd5 19. Qxh7+ Kxh7 20. Rh3+ Kg8
21. Rh8# 1-0

[Event "OL-NORD WEST 1617 SF Hannover - SV Werd"]
[Site "?"]
[Date "2016.11.20"]
[Round "2.2"]
[White "Ackermann, Dennie"]
[Black "Krallmann, Matthias"]
[Result "1-0"]
[WhiteElo "2086"]
[BlackElo "2131"]
[PlyCount "87"]
[EventDate "2016.??.??"]

1. d4 d5 2. c4 c6 3. Nf3 Nf6 4. e3 Bg4 5. h3 Bh5 6. Nc3 e6 7. Bd3 Nbd7 8. Qc2
Bd6 9. Bd2 Bg6 10. Bxg6 hxg6 11. e4 Nxe4 12. Nxe4 dxe4 13. Qxe4 Nf6 14. Qe2 Qc7
15. O-O O-O 16. Rfd1 a5 17. Rac1 a4 18. Rc2 Rfd8 19. Bc3 Qb8 20. Ne5 Ra6 21.
Qf3 Qa8 22. Rcd2 b5 23. b3 axb3 24. axb3 bxc4 25. bxc4 Rc8 26. g4 Qa7 27. g5
Ne8 28. Rd3 Qb7 29. R1d2 Bf8 30. c5 Rd8 31. h4 Rd5 32. Rb2 Qc7 33. Rb6 Rxb6 34.
cxb6 Qb7 35. Bb2 Nd6 36. Ba3 Nf5 37. Bxf8 Kxf8 38. Qd1 Qxb6 39. Qa4 Kg8 40. Rb3
Qxd4 41. Qxd4 Nxd4 42. Rb8+ Kh7 43. Nxf7 Nf3+ 44. Kf1 1-0

[Event "OL-NORD WEST 1617 SF Hannover - SV Werd"]
[Site "?"]
[Date "2016.11.20"]
[Round "2.3"]
[White "Kardoeus, David"]
[Black "Kaimer, Thomas"]
[Result "1/2-1/2"]
[WhiteElo "2167"]
[BlackElo "2196"]
[PlyCount "141"]
[EventDate "2016.??.??"]

1. e4 d6 2. d4 g6 3. Nc3 Bg7 4. f4 a6 5. Nf3 b5 6. a4 b4 7. Nd5 a5 8. c3 e6 9.
Ne3 Ba6 10. cxb4 Bxf1 11. Rxf1 axb4 12. Qd3 Nd7 13. b3 Ne7 14. Kf2 O-O 15. Bb2
Qb8 16. Rab1 Qb7 17. Kg1 Nf6 18. Nd2 Rfd8 19. d5 exd5 20. Bxf6 Bxf6 21. exd5
Qa7 22. Kh1 Qd4 23. Qxd4 Bxd4 24. Ndc4 Bxe3 25. Nxe3 Ra5 26. Rfd1 Re8 27. Kg1
Nc8 28. Kf2 Nb6 29. Rbc1 Re7 30. Rd4 Rc5 31. Re1 Rc3 32. Rxb4 Rexe3 33. Rxe3
Rxe3 34. Rxb6 Rd3 35. Rb5 Rd2+ 36. Kf3 Kf8 37. b4 Ra2 38. a5 Ke7 39. Rb8 Kd7
40. h3 h5 41. Ke3 Rxg2 42. Kd4 Rc2 43. Kd3 Rh2 44. Kc4 Rxh3 45. Kb5 Ra3 46. Rf8
Ke7 47. Rc8 Kd7 48. Rf8 Ke7 49. Rc8 Kd7 50. Rh8 Rd3 51. a6 Ra3 52. f5 Ke7 53.
fxg6 fxg6 54. Kc6 Rxa6+ 55. Kxc7 Ra4 56. Rg8 Rxb4 57. Rxg6 Rc4+ 58. Kb6 h4 59.
Re6+ Kd7 60. Rh6 Rb4+ 61. Ka5 Rd4 62. Rh7+ Ke8 63. Kb6 Rxd5 64. Rxh4 Kd7 65.
Rh7+ Ke6 66. Rh6+ Ke5 67. Rh5+ Kd4 68. Rh4+ Kc3 69. Kc6 Rd3 70. Rh5 Rd4 71. Rd5
1/2-1/2

[Event "OL-NORD WEST 1617 SF Hannover - SV Werd"]
[Site "?"]
[Date "2016.11.20"]
[Round "2.6"]
[White "Herrmann, Andreas"]
[Black "Schoetzig, Detlef"]
[Result "1/2-1/2"]
[WhiteElo "2138"]
[BlackElo "2141"]
[PlyCount "49"]
[EventDate "2016.??.??"]

1. d4 Nf6 2. Nf3 d5 3. c3 e6 4. Bg5 Nbd7 5. e3 Be7 6. Nbd2 c5 7. Bd3 c4 8. Bc2
b5 9. O-O Bb7 10. Qe2 h6 11. Bxf6 Bxf6 12. e4 Qc7 13. exd5 Bxd5 14. b3 Nb6 15.
Be4 Rc8 16. bxc4 Bxe4 17. Qxe4 Nxc4 18. Nxc4 Qxc4 19. Qb7 Qc6 20. Qxc6+ Rxc6
21. a4 b4 22. cxb4 Rc4 23. a5 Ke7 24. Rfb1 Rhc8 25. Kf1 1/2-1/2

[Event "OL-NORD WEST 1617 SF Hannover - SV Werd"]
[Site "?"]
[Date "2016.11.20"]
[Round "2.7"]
[White "Elmali, Timur"]
[Black "Ploog, Martin"]
[Result "1-0"]
[WhiteElo "2133"]
[BlackElo "2121"]
[PlyCount "93"]
[EventDate "2016.??.??"]

1. d4 d5 2. c4 dxc4 3. Nf3 Nf6 4. Bg5 c6 5. Qc2 g6 6. Bxf6 exf6 7. Qxc4 Be6 8.
Qc2 Bg7 9. Nc3 f5 10. g3 O-O 11. Rd1 Nd7 12. Bg2 Nb6 13. O-O Re8 14. e3 Nd5 15.
Nd2 Nxc3 16. bxc3 Bd5 17. Bxd5 Qxd5 18. c4 Qd7 19. Nb3 b6 20. Rd3 Rad8 21. Rfd1
h5 22. h4 Bf6 23. Qe2 Kg7 24. f4 Qc7 25. Qf3 c5 26. d5 Be7 27. a4 Bd6 28. Qg2
a6 29. Qb2+ Kg8 30. Nd2 Rb8 31. Rb3 Qe7 32. Re1 f6 33. e4 Kf7 34. Rxb6 Rxb6 35.
Qxb6 Rb8 36. Qxa6 Rb2 37. Qa5 Ra2 38. Kf1 Qd7 39. e5 fxe5 40. fxe5 Qc7 41.
Qxc7+ Bxc7 42. Nf3 Rxa4 43. d6 Ba5 44. e6+ Ke8 45. Ne5 Bxe1 46. d7+ Ke7 47.
Nc6+ 1-0

[Event "OL-NORD WEST 1617 SF Hannover - SV Werd"]
[Site "?"]
[Date "2016.11.20"]
[Round "2.8"]
[White "Edel, Thomas"]
[Black "Pollmann, Sascha"]
[Result "1/2-1/2"]
[WhiteElo "2131"]
[BlackElo "2043"]
[PlyCount "82"]
[EventDate "2016.??.??"]

1. d4 e6 2. c4 f5 3. g3 Nf6 4. Bg2 d5 5. Nf3 c6 6. O-O Bd6 7. b3 Qe7 8. Ne5 O-O
9. Qc2 Nbd7 10. Bb2 a5 11. Nd2 Ne4 12. Ndf3 a4 13. bxa4 Qd8 14. Nxd7 Bxd7 15.
c5 Bb8 16. Bc3 Nxc3 17. Qxc3 Rxa4 18. Rfb1 Ra7 19. e3 Bc7 20. Rb3 Qe7 21. Rab1
Bc8 22. R1b2 Re8 23. Ne5 Bxe5 24. dxe5 Qc7 25. Rb6 Bd7 26. Qb4 Rb8 27. f4 Bc8
28. g4 Rba8 29. gxf5 exf5 30. Qd4 Be6 31. Qd2 Qe7 32. Qc2 h6 33. Bh3 Rf8 34.
R6b3 Rf7 35. Bg2 Qh4 36. Qf2 Qe7 37. Rc3 Ra5 38. Qc2 Qh4 39. Qf2 Qe7 40. Qc2
Qh4 41. Qf2 Qe7 1/2-1/2

[Event "OL-NORD WEST 1617 SV Tempo Göttin. - SF"]
[Site "?"]
[Date "2016.12.04"]
[Round "3.2"]
[White "Kyas, Marcel"]
[Black "Kaimer, Thomas"]
[Result "1-0"]
[WhiteElo "2189"]
[BlackElo "2196"]
[PlyCount "123"]
[EventDate "2016.??.??"]

1. Nf3 Nf6 2. c4 c5 3. g3 g6 4. Bg2 Bg7 5. Nc3 O-O 6. O-O Nc6 7. d4 cxd4 8.
Nxd4 Nxd4 9. Qxd4 d6 10. Rd1 Qa5 11. Qd2 Qh5 12. Qg5 Qxg5 13. Bxg5 Be6 14. b3
Rab8 15. Rac1 b6 16. Nb5 a5 17. Nd4 h6 18. Nxe6 fxe6 19. Bd2 Rbc8 20. Bh3 Kf7
21. Bc3 Rc7 22. Rd3 e5 23. Bg2 Rb8 24. Rdd1 h5 25. Bd2 Bf8 26. h3 Nd7 27. g4
Nf6 28. g5 Nd7 29. Be3 Rbc8 30. Rf1 e6 31. h4 Bg7 32. Rcd1 Ke7 33. Be4 b5 34.
cxb5 d5 35. Bxg6 e4 36. Rc1 Bc3 37. b6 Rc6 38. b7 R8c7 39. Rc2 e5 40. Bf5 Rxb7
41. Rfc1 Rbc7 42. Bd2 d4 43. Bxe4 Rc5 44. Rd1 Bb4 45. Bxb4 axb4 46. Rdc1 Kd6
47. Bg6 Rc3 48. Rxc3 bxc3 49. Bxh5 e4 50. Bg6 Ke5 51. f3 exf3 52. Kf2 Kf4 53.
Rd1 fxe2 54. Rxd4+ Ke5 55. Re4+ Kd5 56. Rxe2 Ne5 57. Bc2 Rf7+ 58. Kg2 Rf4 59.
Re3 Kd4 60. Rg3 Rxh4 61. g6 Rg4 62. g7 1-0

[Event "OL-NORD WEST 1617 SV Tempo Göttin. - SF"]
[Site "?"]
[Date "2016.12.04"]
[Round "3.4"]
[White "Raum, Sebastian"]
[Black "Herrmann, Andreas"]
[Result "1/2-1/2"]
[WhiteElo "2124"]
[BlackElo "2145"]
[PlyCount "71"]
[EventDate "2016.??.??"]

1. e4 c5 2. Nf3 d6 3. d4 cxd4 4. Nxd4 Nf6 5. Nc3 a6 6. Be3 e6 7. g4 Be7 8. g5
Nfd7 9. Qd2 Nc6 10. O-O-O Nxd4 11. Qxd4 O-O 12. f4 b5 13. Rg1 Re8 14. h4 Bb7
15. h5 Bf8 16. g6 hxg6 17. hxg6 fxg6 18. Rxg6 Rc8 19. Bh3 Rc4 20. Qd3 Kf7 21.
e5 Qh4 22. Bxe6+ Rxe6 23. Qf5+ Nf6 24. exf6 Rxf6 25. Rxf6+ Qxf6 26. Qd7+ Qe7
27. Rxd6 Bc6 28. Qf5+ Kg8 29. Re6 Qb7 30. Rg6 Bd7 31. Qd3 Qc8 32. Qd5+ Kh7 33.
Qh5+ Kg8 34. Qd5+ Kh7 35. Qh5+ Kg8 36. Qd5+ 1/2-1/2

[Event "OL-NORD WEST 1617 SV Tempo Göttin. - SF"]
[Site "?"]
[Date "2016.12.04"]
[Round "3.5"]
[White "Ploog, Martin"]
[Black "Schmidt, Alexander"]
[Result "0-1"]
[WhiteElo "2121"]
[BlackElo "2107"]
[PlyCount "84"]
[EventDate "2016.??.??"]

1. c4 e5 2. Nc3 Nc6 3. Nf3 Bc5 4. e3 d6 5. d4 Bb6 6. dxe5 dxe5 7. Qxd8+ Kxd8 8.
a3 f6 9. Be2 Be6 10. O-O a6 11. b4 Rc8 12. Bb2 Ke8 13. Nd2 Nge7 14. Na4 Rd8 15.
Rfd1 Kf7 16. Nxb6 cxb6 17. Ne4 Nc8 18. g4 Ke7 19. f4 exf4 20. exf4 Nd6 21. Nxd6
Rxd6 22. Rxd6 Kxd6 23. Rd1+ Ke7 24. Kf2 Rc8 25. h4 Nd8 26. Rd4 b5 27. c5 Nc6
28. Rd1 a5 29. Bc3 axb4 30. axb4 Ra8 31. f5 Bb3 32. Re1 Ra2 33. Kf1 Kf7 34.
Bxb5 Rh2 35. h5 Rh3 36. Bd2 Nd4 37. Be8+ Kf8 38. Kg2 Rd3 39. Be3 Nc2 40. Bf4
Nxe1+ 41. Kf2 Rc3 42. Bd2 Nd3+ 0-1

[Event "OL-NORD WEST 1617 SV Tempo Göttin. - SF"]
[Site "?"]
[Date "2016.12.04"]
[Round "3.6"]
[White "Markgraf, Stefan"]
[Black "Gabriel, Uwe"]
[Result "1/2-1/2"]
[WhiteElo "2121"]
[BlackElo "2046"]
[PlyCount "46"]
[EventDate "2016.??.??"]

1. e4 e5 2. Nf3 Nf6 3. Nc3 Bb4 4. d3 d5 5. exd5 Bxc3+ 6. bxc3 Qxd5 7. c4 Qd6 8.
Be3 c5 9. Be2 Nc6 10. Nd2 O-O 11. O-O b6 12. Bf3 Be6 13. Bg5 Bf5 14. Bxc6 Qxc6
15. f4 e4 16. Bxf6 Qxf6 17. Nxe4 Bxe4 18. dxe4 Rad8 19. Qe2 Rd4 20. Rad1 Rxd1
21. Qxd1 Rd8 22. Qe2 Qc3 23. Rf3 Qa1+ {(=)} 1/2-1/2

[Event "OL-NORD WEST 1617 SV Tempo Göttin. - SF"]
[Site "?"]
[Date "2016.12.04"]
[Round "3.7"]
[White "Witthaus, Joerg"]
[Black "Liebig, Stefan"]
[Result "0-1"]
[WhiteElo "2043"]
[BlackElo "2139"]
[PlyCount "78"]
[EventDate "2016.??.??"]

1. d4 Nf6 2. Nf3 e6 3. c4 Bb4+ 4. Bd2 Be7 5. Nc3 d5 6. Bf4 c6 7. e3 O-O 8. Rc1
Nbd7 9. Be2 dxc4 10. Bxc4 Nb6 11. Bd3 Nbd5 12. O-O Nxf4 13. exf4 Qb6 14. Qe2
Rd8 15. Rfd1 Bf8 16. g3 g6 17. b3 Bg7 18. Na4 Qa5 19. Rc5 Qc7 20. Bb1 Bd7 21.
Rcc1 Nd5 22. Nc5 Bc8 23. Ne5 Qa5 24. Nc4 Qc7 25. Ne5 a5 26. Be4 Re8 27. Bf3 Ne7
28. g4 Nd5 29. Bxd5 exd5 30. g5 f6 31. gxf6 Bxf6 32. Qf3 Qg7 33. Rc3 Bf5 34.
Re1 Re7 35. Qg2 Qh6 36. Qg3 Rf8 37. Rce3 Rg7 38. Kf1 Bh4 39. Qg2 Qxf4 {(Zü)}
0-1